Morceaux choisis (Record no. 108592)

MARC details
000 -LEADER
campo de control de longitud fija 00508nam a2200181 4500
001 - NÚMERO DE CONTROL
campo de control 108592
003 - IDENTIFICADOR DE NÚMERO DE CONTROL
campo de control ES-MaACL
005 - FECHA Y HORA DE LA ÚLTIMA TRANSACCIÓN
campo de control 20240429130337.0
007 - CAMPO FIJO DE DESCRIPCIÓN FÍSICA--INFORMACIÓN GENERAL
campo de control de longitud fija t|
008 - DATOS DE LONGITUD FIJA--INFORMACIÓN GENERAL
campo de control de longitud fija 061121s1935 fr r ||||1| fre d
100 1# - ENTRADA PRINCIPAL--NOMBRE DE PERSONA
Nombre de persona Monnier, Henry.
9 (RLIN) 82249
245 10 - MENCIÓN DEL TÍTULO
Título Morceaux choisis
Resto del título : avant propos d'André Gide /
Mención de responsabilidad, etc. Henry Monnier.
260 ## - PUBLICACIÓN, DISTRIBUCIÓN, ETC.
Lugar de publicación, distribución, etc. París :
Nombre del editor, distribuidor, etc. Gallimard,
Fecha de publicación, distribución, etc. 1935.
300 ## - DESCRIPCIÓN FÍSICA
Extensión 239 p. ;
Dimensiones 19 cm.
700 1# - ENTRADA AGREGADA--NOMBRE PERSONAL
Nombre de persona Gide, André,
Fechas asociadas al nombre 1869-1951
9 (RLIN) 56674
852 ## - LOCALIZACIÓN
Ubicación ES-MaACL
Número de control de estantería A-4230
Holdings
Estatus retirado Estado de pérdida Estado de daño No para préstamo Biblioteca de origen Biblioteca actual Ubicación en estantería Fecha de adquisición Fuente de adquisición Total de préstamos Signatura topográfica completa Código de barras Visto por última vez Precio de reemplazo Tipo de ítem Koha
        Biblioteca del Ateneo de Madrid Biblioteca del Ateneo de Madrid Sala Pecera Planta 1 17/01/2008     A-4230 1113311 23/02/2023 23/02/2023 Libro impreso